Hariscandra il virtuoso : (Record no. 1237124)

MARC details
000 -LEADER
fixed length control field 00798nam a2200277 a 4500
001 - CONTROL NUMBER
control field vtls001800982
003 - CONTROL NUMBER IDENTIFIER
control field NLI
005 - DATE AND TIME OF LATEST TRANSACTION
control field 20210629045704.0
008 - FIXED-LENGTH DATA ELEMENTS--GENERAL INFORMATION
fixed length control field 140215s1913 xx 000 0 eng
039 #9 - LEVEL OF BIBLIOGRAPHIC CONTROL AND CODING DETAIL [OBSOLETE]
-- 201402152248
-- VLOAD
040 ## - CATALOGING SOURCE
Original cataloging agency NLI
Language of cataloging eng
Transcribing agency Entertech IMP - 2013
Description conventions AACR2
041 1# - LANGUAGE CODE
Language code of text/sound track or separate title eng
Language code of original .
044 ## - COUNTRY OF PUBLISHING/PRODUCING ENTITY CODE
MARC country code xx
082 ## - DEWEY DECIMAL CLASSIFICATION NUMBER
Classification number 174
100 0# - MAIN ENTRY--PERSONAL NAME
Personal name Ramachandra
9 (RLIN) 1090550
245 10 - TITLE STATEMENT
Title Hariscandra il virtuoso :
Remainder of title satyahari candra, drama in daino di /
Statement of responsibility, etc. Ramachandra prema versione dall originale
260 ## - PUBLICATION, DISTRIBUTION, ETC.
Place of publication, distribution, etc. [S.l] :
Name of publisher, distributor, etc. Mario Vallawri,
Date of publication, distribution, etc. 1913
300 ## - PHYSICAL DESCRIPTION
Extent 197 p. 11. ;
Dimensions 19 cm.
650 #0 - SUBJECT ADDED ENTRY--TOPICAL TERM
Topical term or geographic name entry element Atlases
9 (RLIN) 680842
650 #0 - SUBJECT ADDED ENTRY--TOPICAL TERM
Topical term or geographic name entry element Maps
9 (RLIN) 732656
887 ## - NON-MARC INFORMATION FIELD
Content of non-MARC field
901 ## - LOCAL DATA ELEMENT A, LDA (RLIN)
a IMP40706
902 ## - LOCAL DATA ELEMENT B, LDB (RLIN)
a 174 E. 379.
949 ## - LOCAL PROCESSING INFORMATION (OCLC)
-- VIRTUAITEM
-- 10000
-- 100
6 IMP000040706ENG
942 ## - ADDED ENTRY ELEMENTS (KOHA)
Source of classification or shelving scheme Dewey Decimal Classification
Koha item type Books
Holdings
Withdrawn status Lost status Damaged status Not for loan Home library Current library Date acquired Total Checkouts Full call number Barcode Date last seen Price effective from Koha item type
        National Library of India National Library of India     174 E. 379. IMP000040706ENG 29/06/2021 29/06/2021 Books
                                                                           
web counter

Copyright ©2020 The National Library of India, Govt. of India ↔ Hosted by NVLI, MOC ↔ Technology and Design by National Library of India, Ministry of Culture, Govt. of India